000 00543nam a2200217Ia 4500
001 8593
003 GE_BSU
008 181216s||||||||xx |||||||||||||| ||und||
040 _cGE_BSU
080 _a821.353.1-31
100 _aთავაძე, სოლომონ
245 _aმამა
245 _bრომანი
260 _aთბილისი.
260 _bფედერაცია
260 _c1940
300 _a200გვ. 20 სმ.
653 _aმამა
653 _aრომანი
942 _cBK
999 _c41909
_d41909